Técnicas de cirugía de cadera /

Bibliographic Details
Other Authors: Useche, Luis Fernando (Editor), Gaitán-Lee, Hernando (Editor), Sarmiento Osorio, Diana (Editor)
Format: Electronic eBook
Language:Spanish
Published: Bogotá : Editorial Pontificia Universidad Javeriana, [2023]
Edition:Primera edición.
Subjects:
Online Access:Digitalia Hispánica

MARC

LEADER 00000nam a2200000Ii 4500
001 DIGEPUJ0480
003 NyNyDIG
006 m o d
007 cr |||||||||||
008 250404s2023 ck a ob 000 0 spa d
035 |a (OCoLC)1490448076 
040 |a DGITA  |b eng  |e rda  |e pn  |c DGITA 
020 |a 9789587818437  |q (digital) 
020 |z 9789587818420  |q (impreso) 
050 1 4 |a RD549 ebook 
245 0 0 |a Técnicas de cirugía de cadera /  |c Luis Fernando Useche, Hernando Gaitán-Lee, Diana Sarmiento-Osorio, editores académicos. 
250 |a Primera edición. 
264 1 |a Bogotá :  |b Editorial Pontificia Universidad Javeriana,  |c [2023] 
300 |a 1 online resource :  |b illustrations. 
336 |a text  |b txt  |2 rdacontent 
337 |a computer  |b c  |2 rdamedia 
338 |a online resource  |b cr  |2 rdacarrier 
347 |a text file  |2 rdaft 
347 |b PDF 
504 |a Includes bibliographical references. 
588 0 |a Online resource; title from PDF title page (Digitalia, viewed April 4, 2025) 
650 0 |a Hip joint  |x Surgery. 
650 0 |a Total hip replacement. 
650 0 |a Artificial hip joints. 
650 0 |a Hip joint  |x Diseases. 
650 0 |a Surgery, Operative. 
700 1 |a Useche, Luis Fernando,  |e editor. 
700 1 |a Gaitán-Lee, Hernando,  |e editor. 
700 1 |a Sarmiento Osorio, Diana,  |e editor. 
791 2 |a Digitalia (Firm),  |e distributor. 
793 0 |g Digitalia eBook Collection:  |a Pontificia Universidad Javeriana 
776 0 8 |i Print version:  |t Técnicas de cirugía de cadera.  |b Primera edición.  |d Bogotá : Editorial Pontificia Universidad Javeriana, [2023]  |z 9789587818420 
856 4 0 |3 Digitalia Hispánica  |u https://www.digitaliapublishing.com/a/170584/ 
910 |a Premium collection: 2025